Statistical fact book; (Record no. 77686)

MARC details
000 -LEADER
fixed length control field 00676cam a22002051 4500
001 - CONTROL NUMBER
control field sa 68001085
003 - CONTROL NUMBER IDENTIFIER
control field DLC
005 - DATE AND TIME OF LATEST TRANSACTION
control field 20260227112430.0
008 - FIXED-LENGTH DATA ELEMENTS--GENERAL INFORMATION
fixed length control field 710903s1966 pk a s 00000 eng
010 ## - LIBRARY OF CONGRESS CONTROL NUMBER
LC control number sa 68001085
025 ## - OVERSEAS ACQUISITION NUMBER
Overseas acquisition number PL480:P-E-1095
043 ## - GEOGRAPHIC AREA CODE
Geographic area code a-pk---
050 0# - LIBRARY OF CONGRESS CALL NUMBER
Classification number HA1730.5
Item number .U5
110 10 - MAIN ENTRY--CORPORATE NAME
Corporate name or jurisdiction name as entry element United States.
Subordinate unit AID Mission to Pakistan.
-- Office of Assistant Director for Development Planning.
-- Planning Advisory Staff.
245 10 - TITLE STATEMENT
Title Statistical fact book;
Remainder of title selected economic & social data on Pakistan.
260 1# - PUBLICATION, DISTRIBUTION, ETC.
Place of publication, distribution, etc. [Karachi]
Date of publication, distribution, etc. 1966.
300 ## - PHYSICAL DESCRIPTION
Extent 1 v. (various pagings)
Other physical details illus.
Dimensions 22 x 34 cm.
500 ## - GENERAL NOTE
General note Cover title.
651 #0 - SUBJECT ADDED ENTRY--GEOGRAPHIC NAME
Geographic name Pakistan
General subdivision Statistics.

No items available.

Powered by Koha